Northeast beach resorts and theme parks.
| Format: | Book |
|---|---|
| Published: |
Kuala Lumpur:
Embassy of Brazil in Kuala Lumpur,
2010.
|
| Subjects: |
| LEADER | 00460cam a2200145 7i4500 | ||
|---|---|---|---|
| 001 | 0000025194 | ||
| 005 | 20101202090000.0 | ||
| 090 | 0 | 0 | |a BRAZ 338.4791 |b NOR |
| 245 | 0 | 0 | |a Northeast beach resorts and theme parks. |
| 260 | 0 | 0 | |a Kuala Lumpur: |b Embassy of Brazil in Kuala Lumpur, |c 2010. |
| 300 | # | # | |a 39 p. |
| 650 | 0 | 0 | |a Tourism -- |z Northeast Brazil |
| 650 | 0 | 0 | |a Cultural -- |z Northeast Brazil |
| 651 | 0 | 0 | |a Brazil |
| 999 | |a 0000027634 |b Book |c Countries |e Business Information Centre | ||